000 00791nam a2200265 a 4500
001 65807
003 BD-RjUL
005 20211209081451.0
008 170312s1974 nyua b 001 0 eng d
020 _a0471812102
035 _a(BD-RjUL) 65937
040 _aDLC
_cDLC
_dBD-RjUL
_beng
041 _aeng
082 0 0 _a594
_223
_bSOS 1974
100 1 _aSolem, Alan
_d1931-
_9194601
245 1 4 _aThe shell makers:
_c[by] Alan Solem. Drawings by Carole W. Christman.
_bintroducing mollusks /
260 _aNew York :
_bWiley,
_cc1974.
300 _axii, 289 p.
_bill. ;
_c23 cm.
500 _a"A Wiley-Interscience publication."
504 _aBibliography: p. 256-262.
650 0 _aMollusks.
_9194602
650 0 _aMollusks
_xEvolution.
_9194603
942 _2ddc
_cBK
999 _c65807
_d65807